<?xml version="1.0" encoding="UTF-8"?>
<record
    xmlns:xsi="http://www.w3.org/2001/XMLSchema-instance"
    xsi:schemaLocation="http://www.loc.gov/MARC21/slim http://www.loc.gov/standards/marcxml/schema/MARC21slim.xsd"
    xmlns="http://www.loc.gov/MARC21/slim">

  <leader>02318nam a22002537a 4500</leader>
  <controlfield tag="005">20240416144423.0</controlfield>
  <controlfield tag="008">220924b           ||||| |||| 00| 0 eng d</controlfield>
  <datafield tag="040" ind1=" " ind2=" ">
    <subfield code="c">AL</subfield>
  </datafield>
  <datafield tag="041" ind1=" " ind2=" ">
    <subfield code="a">kan</subfield>
  </datafield>
  <datafield tag="082" ind1=" " ind2=" ">
    <subfield code="2">23</subfield>
    <subfield code="a">510K</subfield>
    <subfield code="b">DEVA</subfield>
  </datafield>
  <datafield tag="100" ind1=" " ind2=" ">
    <subfield code="a">G K Devarajaswamy</subfield>
    <subfield code="9">160706</subfield>
  </datafield>
  <datafield tag="245" ind1=" " ind2=" ">
    <subfield code="a">Adhishtana: bayipata pustaka: prachina balabodhe:</subfield>
    <subfield code="b">&#xC85;&#xCA7;&#xCBF;&#xCB7;&#xCCD;&#xCA0;&#xCBE;&#xCA8;: &#xCAC;&#xCBE;&#xCAF;&#xCBF;&#xCAA;&#xCBE;&#xCA0; &#xCAA;&#xCC1;&#xCB8;&#xCCD;&#xCA4;&#xC95;: &#xCAA;&#xCCD;&#xCB0;&#xCBE;&#xC9A;&#xCC0;&#xCA8; &#xCAC;&#xCBE;&#xCB2;&#xCAC;&#xCCB;&#xCA7;&#xCC6; </subfield>
  </datafield>
  <datafield tag="260" ind1=" " ind2=" ">
    <subfield code="a">Bengaluru</subfield>
    <subfield code="b">Yuvasadhane </subfield>
    <subfield code="c">2022</subfield>
  </datafield>
  <datafield tag="300" ind1=" " ind2=" ">
    <subfield code="a">xiv,250p.</subfield>
    <subfield code="b">HB</subfield>
    <subfield code="c">29x22cm.</subfield>
  </datafield>
  <datafield tag="365" ind1=" " ind2=" ">
    <subfield code="2">Kannada</subfield>
    <subfield code="a">BLCR-000079</subfield>
    <subfield code="b">520.00</subfield>
    <subfield code="c">&#x20B9;</subfield>
    <subfield code="d">650.00</subfield>
    <subfield code="e">&#x20B9;</subfield>
    <subfield code="f">06-09-2022</subfield>
  </datafield>
  <datafield tag="520" ind1=" " ind2=" ">
    <subfield code="a">&#xC95;&#xCBE;&#xCA3;&#xCBF;, &#xCB5;&#xCC0;&#xCB8;, &#xCB9;&#xCBE;&#xC97;, &#xCB9;&#xCA3;, &#xC97;&#xCA6;&#xCCD;&#xCAF;&#xCBE;&#xCA3;, &#xCAA;&#xC82;&#xC9A;&#xCBE;&#xC82;&#xC97; &#xCB5;&#xCBF;&#xCB5;&#xCB0;, &#xCB9;&#xCA3;,&#xCA4;&#xCC2;&#xC95;, &#xC85;&#xCB3;&#xCA4;&#xCC6;, &#xC95;&#xCCB;&#xCB7;&#xCCD;&#xC9F;&#xC95;, &#xCB8;&#xCB0;&#xCAE;&#xC97;&#xCCD;&#xC97;&#xCBF;, &#xCA6;&#xCC7;&#xCB5;&#xCA4;&#xCBE; &#xCB8;&#xCCD;&#xCA4;&#xCCB;&#xCA4;&#xCCD;&#xCB0;&#xC97;&#xCB3;&#xCC1; 
&#xCAE;&#xC97;&#xCCD;&#xC97;&#xCBF; &#xC95;&#xCCB;&#xCB7;&#xCCD;&#xC9F;&#xC95; &#xC95;&#xCA8;&#xCCD;&#xCA8;&#xCA1; &#xCAE;&#xCC2;&#xCB2;&#xCBE;&#xC95;&#xCCD;&#xCB7;&#xCB0;&#xC97;&#xCB3;&#xCC1; 
&#xCA4;&#xCBE;&#xCB3;&#xCC6;&#xC97;&#xCB0;&#xCBF; &#xCB9;&#xCB8;&#xCCD;&#xCA4;&#xCAA;&#xCCD;&#xCB0;&#xCA4;&#xCBF; 
&#xCA8;&#xCBE;&#xCA3;&#xCCD;&#xCAF;&#xC97;&#xCB3; &#xC9A;&#xCBF;&#xCA4;&#xCCD;&#xCB0;&#xC97;&#xCB3;&#xCC1; 
&#xCA6;&#xCC7;&#xCB5;&#xCB0;&#xCBE;&#xC9C;&#xCB8;&#xCCD;&#xCB5;&#xCBE;&#xCAE;&#xCBF; &#xC9C;&#xCBF; &#xC95;&#xCC6; 
&#xC85;&#xCA7;&#xCBF;&#xCB7;&#xCCD;&#xCA0;&#xCBE;&#xCA8;: &#xCAC;&#xCBE;&#xCAF;&#xCBF;&#xCAA;&#xCBE;&#xCA0; &#xCAA;&#xCC1;&#xCB8;&#xCCD;&#xCA4;&#xC95;: &#xCAA;&#xCCD;&#xCB0;&#xCBE;&#xC9A;&#xCC0;&#xCA8; &#xCAC;&#xCBE;&#xCB2;&#xCAC;&#xCCB;&#xCA7;&#xCC6; 
&#xC85;&#xCB0;&#xCC6;&#xCB5;&#xCC0;&#xCB8; &#xCAE;&#xC97;&#xCCD;&#xC97;&#xCBF; 
&#xCAE;&#xCC1;&#xC95;&#xCCD;&#xC95;&#xCBE;&#xCA3;&#xCBF;  &#xCAE;&#xC97;&#xCCD;&#xC97;&#xCBF; 
&#xCB8;&#xC82;&#xCB5;&#xCA4;&#xCCD;&#xCB8;&#xCB0;&#xC97;&#xCB3;&#xCC1; , &#xCAE;&#xCBE;&#xCB8;&#xC97;&#xCB3;&#xCC1;, &#xC8B;&#xCA4;&#xCC1;&#xC97;&#xCB3;&#xCC1;, &#xCA4;&#xCBF;&#xCA5;&#xCBF;&#xC97;&#xCB3;&#xCC1;, &#xCB5;&#xCBE;&#xCB0;&#xC97;&#xCB3;&#xCC1;,&#xCAE;&#xCB3;&#xCC6; &#xCA8;&#xC95;&#xCCD;&#xCB7;&#xCA4;&#xCCD;&#xCB0;&#xC97;&#xCB3;&#xCC1;
&#xC85;&#xCB7;&#xCCD;&#xC9F;&#xCA6;&#xCBF;&#xC95;&#xCCD;&#xCAA;&#xCBE;&#xCB2;&#xC95;&#xCB0; &#xCAE;&#xCBE;&#xCB9;&#xCBF;&#xCA4;&#xCBF; 
&#xC85;&#xCB3;&#xCA4;&#xCC6;&#xC97;&#xCB3;&#xCC1; 
&#xCA4;&#xCBF;&#xCA5;&#xCBF; &#xCB9;&#xCAC;&#xCCD;&#xCAC;&#xC97;&#xCB3;&#xCC1; 
&#xCAE;&#xCB9;&#xCBE;&#xCA8;&#xCB5;&#xCAE;&#xCBF; &#xCAA;&#xCA6;, &#xCAE;&#xCC8;&#xCB8;&#xCC2;&#xCB0;&#xCC1; &#xCB8;&#xC82;&#xCB8;&#xCCD;&#xCA5;&#xCBE;&#xCA8;&#xCA6; &#xCA8;&#xCBE;&#xCA1;&#xC97;&#xCC0;&#xCA4;&#xCC6; 
&#xC97;&#xCBF;&#xCB0;&#xCBE; &#xCAA;&#xCBE;&#xCB5;&#xCC1; &#xCB8;&#xCC7;&#xCB0;&#xCC1; &#xC95;&#xCCB;&#xCB7;&#xCCD;&#xC9F;&#xC95; 
&#xCAE;&#xCA3; &#xC95;&#xCCB;&#xCB7;&#xCCD;&#xC9F;&#xC95; 
&#xCB8;&#xCC7;&#xCB0;&#xCC1; &#xC95;&#xCCB;&#xCB7;&#xCCD;&#xC9F;&#xC95; 
&#xCAA;&#xCC8; &#xCAA;&#xC9F;&#xCCD;&#xC9F;&#xCBF;&#xCAF; &#xC95;&#xCCB;&#xCB7;&#xCCD;&#xC9F;&#xC95;  </subfield>
  </datafield>
  <datafield tag="650" ind1=" " ind2=" ">
    <subfield code="a">Maggi Kostaka: &#xCAE;&#xC97;&#xCCD;&#xC97;&#xCBF; &#xC95;&#xCCB;&#xCB7;&#xCCD;&#xC9F;&#xC95; </subfield>
    <subfield code="9">58405</subfield>
  </datafield>
  <datafield tag="650" ind1=" " ind2=" ">
    <subfield code="a">Kannada Mulaksharagalu: &#xC95;&#xCA8;&#xCCD;&#xCA8;&#xCA1; &#xCAE;&#xCC2;&#xCB2;&#xCBE;&#xC95;&#xCCD;&#xCB7;&#xCB0;&#xC97;&#xCB3;&#xCC1; </subfield>
    <subfield code="9">58406</subfield>
  </datafield>
  <datafield tag="650" ind1=" " ind2=" ">
    <subfield code="a">Talegari Hastaprati: &#xCA4;&#xCBE;&#xCB3;&#xCC6;&#xC97;&#xCB0;&#xCBF; &#xCB9;&#xCB8;&#xCCD;&#xCA4;&#xCAA;&#xCCD;&#xCB0;&#xCA4;&#xCBF; </subfield>
    <subfield code="9">58407</subfield>
  </datafield>
  <datafield tag="650" ind1=" " ind2=" ">
    <subfield code="a">Nanyagala Chitragalu: &#xCA8;&#xCBE;&#xCA3;&#xCCD;&#xCAF;&#xC97;&#xCB3; &#xC9A;&#xCBF;&#xCA4;&#xCCD;&#xCB0;&#xC97;&#xCB3;&#xCC1; </subfield>
    <subfield code="9">58408</subfield>
  </datafield>
  <datafield tag="700" ind1=" " ind2=" ">
    <subfield code="a">DEVARAJASWAMY (G K)</subfield>
    <subfield code="9">58409</subfield>
  </datafield>
  <datafield tag="700" ind1=" " ind2=" ">
    <subfield code="a">&#xCA6;&#xCC7;&#xCB5;&#xCB0;&#xCBE;&#xC9C;&#xCB8;&#xCCD;&#xCB5;&#xCBE;&#xCAE;&#xCBF;  (&#xC9C;&#xCBF; &#xC95;&#xCC6;)  </subfield>
    <subfield code="9">160707</subfield>
  </datafield>
  <datafield tag="942" ind1=" " ind2=" ">
    <subfield code="2">ddc</subfield>
    <subfield code="c">BK</subfield>
  </datafield>
  <datafield tag="999" ind1=" " ind2=" ">
    <subfield code="c">224658</subfield>
    <subfield code="d">224658</subfield>
  </datafield>
  <datafield tag="952" ind1=" " ind2=" ">
    <subfield code="0">0</subfield>
    <subfield code="1">0</subfield>
    <subfield code="2">ddc</subfield>
    <subfield code="4">0</subfield>
    <subfield code="7">3</subfield>
    <subfield code="8">KAN</subfield>
    <subfield code="a">AL</subfield>
    <subfield code="b">AL</subfield>
    <subfield code="d">2022-09-16</subfield>
    <subfield code="e">Navakarnataka Publications Pvt.Ltd.</subfield>
    <subfield code="g">520.00</subfield>
    <subfield code="l">0</subfield>
    <subfield code="o">510K DEVA</subfield>
    <subfield code="p">076059</subfield>
    <subfield code="r">2022-09-24 00:00:00</subfield>
    <subfield code="v">650.00</subfield>
    <subfield code="w">2022-09-24</subfield>
    <subfield code="y">BK</subfield>
  </datafield>
</record>
